书目信息 |
| 题名: |
“伊朗门”事件与诺思旋风
|
|
| 作者: | 任国富 著 | |
| 分册: | ||
| 出版信息: | 北京 化学工业出版社 1989 |
|
| 页数: | 207页 | |
| 开本: | 18cm | |
| 丛书名: | 世界之窗 | |
| 单 册: | ||
| 中图分类: | D55 | |
| 科图分类: | ||
| 主题词: | 政治事件--事件 | |
| 电子资源: | ||
| ISBN: | 7-5025-0499-0 | |
| 000 | 00619nam0 2200217 45 | |
| 001 | 0404211071 | |
| 005 | 20050627155337.7 | |
| 010 | @a7-5025-0499-0@dCNY2.35 | |
| 100 | @a20040421d1989 km y0chiy0120 ea | |
| 101 | 0 | @achi |
| 105 | @a z 000yy | |
| 200 | 1 | @a“伊朗门”事件与诺思旋风@A“Yi Lang Men”Shi Jian Yu Nuo Si Xuan Feng@f任国富著@FRen Guo Fu Zhu |
| 210 | @a北京@c化学工业出版社@d1989 | |
| 215 | @a207页@d18cm | |
| 225 | @a世界之窗@v4 | |
| 410 | @12001 @a世界之窗 | |
| 606 | 0 | @a政治事件@x事件 |
| 690 | @aD55@v3 | |
| 701 | 0 | @a任国富@4著 |
| 801 | @aCN@bPftUser@c20040421 | |
| 905 | @dD55@e46:4@b220420@f1 | |
| “伊朗门”事件与诺思旋风/任国富著.-北京:化学工业出版社,1989 |
| 207页;18cm.-(世界之窗;4) |
| ISBN 7-5025-0499-0:CNY2.35 |
| ● |
| 相关链接 |
|
|
|
|
正题名:"伊朗门"事件与诺思旋风
索取号:D55/46:4
 
预约/预借
| 序号 | 登录号 | 条形码 | 馆藏地/架位号 | 状态 | 备注 |
| 1 | 0220418 | 000482604 | 密集书库/ [索取号:D55/46:4] | 在馆 | |
| 2 | 0220419 | 000482597 | 密集书库/ [索取号:D55/46:4] | 在馆 | |
| 3 | 0220420 | 000482588 | 第一样本阅览室/ [索取号:D55/46:4] | 在馆 |